000 01094cam a22003013u 4500
001 11095469
003 ARRUPE
005 20160126113619.0
006 m d
007 cr n
008 141214s1913 ||||||||s|||||||| ||||| d
035 _a(WaSeSS)ssib007188290
040 _aWaSeSS
_cWaSeSS
_dWaSeSS
_erda
100 1 _aHamilton-Browne, G.
_921794
210 1 0 _aCamp fire yarns of the lost legion /
245 1 0 _aCamp fire yarns of the lost legion /
_cHamilton-Browne, G.
260 _aLondon
_bT. Werner Laurie LTD.
500 _aTitle from content provider.
506 _aLicense restrictions may limit access.
650 _aMaori
_x(New zealand people)
_921795
650 _xHistory
_zNew Zealand
_921796
650 _xHistory
_zAfrica, South
_921797
700 1 _aHamilton-Browne, G. Colonel.
_921798
773 0 _tProject Gutenberg Online Catalog
856 4 0 _uhttp://www.columbia.edu/cgi-bin/cul/resolve?clio11095469
_zFull text available from Project Gutenberg Online Catalog
910 _aSerials Solutions supplemental brief record
942 _2lcc
_cSPC
999 _c124036
_d124036